000 00480nam a2200181Ia 4500
005 20250508160845.0
008 008 250505s9999 xx 000 0 hin d
037 _aTextual
040 _aFEDL
_beng
_cFEDL
041 _ahin
_2eng
084 _aFH, VAS
_qFEDL
100 _aVasu Budhadev
_9769564
245 0 _aRaat bhar varsha
260 _aDelhi, India
_bRadha Krishan Prakashan
_c1973
300 _a124p.
942 _cTEXL
_hFH, VAS
999 _c1367028
_d1367028